Nofe Yiśraʼel : (Record no. 32746)

MARC details
000 -LEADER
fixed length control field 00631cam a22002291 4500
001 - CONTROL NUMBER
control field he 67002220
003 - CONTROL NUMBER IDENTIFIER
control field DLC
005 - DATE AND TIME OF LATEST TRANSACTION
control field 20260227111451.0
008 - FIXED-LENGTH DATA ELEMENTS--GENERAL INFORMATION
fixed length control field 840321s1967 is ab 000 0 heb
010 ## - LIBRARY OF CONGRESS CONTROL NUMBER
LC control number he 67002220
035 ## - SYSTEM CONTROL NUMBER
System control number (OCoLC)19150100
040 ## - CATALOGING SOURCE
Original cataloging agency DLC
Transcribing agency MH
Modifying agency CU
-- DLC
042 ## - AUTHENTICATION CODE
Authentication code premarc
043 ## - GEOGRAPHIC AREA CODE
Geographic area code a-is---
050 00 - LIBRARY OF CONGRESS CALL NUMBER
Classification number DS103
Item number .N5
100 1# - MAIN ENTRY--PERSONAL NAME
Personal name Nir, Dov.
245 10 - TITLE STATEMENT
Title Nofe Yiśraʼel :
Remainder of title madrikh masaʻot ʻal pene ha-arets /
Statement of responsibility, etc. Dov Nir.
260 ## - PUBLICATION, DISTRIBUTION, ETC.
Place of publication, distribution, etc. [Tel Aviv] :
Name of publisher, distributor, etc. Masadah,
Date of publication, distribution, etc. [1967]
300 ## - PHYSICAL DESCRIPTION
Extent 336 p. :
Other physical details ill., maps (part col.) ;
Dimensions 20 cm.
651 #0 - SUBJECT ADDED ENTRY--GEOGRAPHIC NAME
Geographic name Israel
Form subdivision Guidebooks.
752 ## - ADDED ENTRY--HIERARCHICAL PLACE NAME
Country or larger entity Israel
City Tel Aviv

No items available.

Powered by Koha